América Latina y conciencia cristiana

I tiakina i:
Ngā taipitopito rārangi puna kōrero
Kaituhi matua: Dussel, Enrique D (Author)
Hōputu: Pukapuka
Reo:Pāniora
I whakaputaina: Quito IPLA 1970
Rangatū:Colección IPLA, 8
Ngā marau:
Ngā Tūtohu: Tāpirihia he Tūtohu
Kāore He Tūtohu, Me noho koe te mea tuatahi ki te tūtohu i tēnei pūkete!

MARC

LEADER 00000nam a2200000 a 4500
001 UCL5142
003 CL-VaPUC
008 040305e19700000EC |||||||||||||||||spa|d
082 0 4 |a 261  |b DUS  |2 21 
100 0 |a Dussel, Enrique D  |e author  |9 482836 
245 1 0 |a América Latina y conciencia cristiana 
300 |a 104 p 
942 |c BK 
945 |d 20040305 00:00:00  |a vberengu 
260 |a Quito  |b IPLA  |c 1970 
650 0 |a Teología   |9 258766 
650 0 |a Sociología cristiana  |9 257898 
650 7 |a IGLESIA Y SOCIEDAD  |2 CL-VaPUC  |9 399674 
651 0 |a América Latina   |9 255027 
583 |a last modification  |c 20040305 00:00:00  |k Rodrigo Vera 
490 0 |a Colección IPLA, 8 
999 |c 307810  |d 307808 
952 |0 0  |1 0  |4 0  |6 261_000000000000000_DUS_1970  |7 0  |8 A  |9 373937  |a BIBTEO  |b BIBTEO  |d 2019-11-21  |i 2104490  |l 1  |m 4  |o 261 DUS 1970  |p 2104490  |q 2024-07-31  |r 2023-12-01  |s 2023-12-01  |w 2019-11-21  |y BK  |k ICR